Estructuras de datos y algoritmos : (Record no. 120362)
[ view plain ]
| 000 -CABECERA | |
|---|---|
| campo de control de longitud fija | 00739nam a2200205 a 4500 |
| 005 - FECHA Y HORA DE LA ÚLTIMA TRANSACCIÓN | |
| campo de control | 20240411063700.0 |
| 008 - ELEMENTOS DE LONGITUD FIJA--INFORMACIÓN GENERAL | |
| campo de control de longitud fija | 061127s2002 mx r 000 0 spa d |
| 020 ## - NÚMERO INTERNACIONAL NORMALIZADO PARA LIBROS | |
| Número Internacional Estándar del Libro | 9586990443 |
| 035 ## - NÚMERO DE CONTROL DEL SISTEMA | |
| Número de control de sistema | UPN01000148220 |
| 049 ## - COLECCIÓN | |
| Colección | CG |
| 050 #4 - SIGNATURA TOPOGRÁFICA DE LA BIBLIOTECA DEL CONGRESO | |
| Número de clasificación | QA76.9 D3 |
| Número de documento/Ítem | S5.7 |
| 100 1# - ASIENTO PRINCIPAL--NOMBRE PERSONAL | |
| Nombre de persona | Sisa, Alberto Jaime |
| 245 10 - MENCIÓN DE TÍTULO | |
| Título | Estructuras de datos y algoritmos : |
| Resto del título | con énfasis en programación orientada a objetos / |
| Mención de responsabilidad, etc. | Alberto Jaime Sisa. |
| 260 ## - PUBLICACIÓN, DISTRIBUCIÓN, ETC. | |
| Lugar de publicación, distribución, etc. | Bogotá : |
| Nombre del editor, distribuidor, etc. | Pearson educación : |
| Fecha de publicación, distribución, etc. | c2002. |
| 300 ## - DESCRIPCIÓN FÍSICA | |
| Extensión | 310 p. + |
| Material acompañante/anejo | 1 CD-ROM ; 4 3/4 plg. |
| 500 ## - NOTA GENERAL | |
| Nota general | El CD-ROM incluye biblioteca de programas desarrollados en el libro en lenguaje Java y Turbo C++ |
| 650 #4 - ASIENTO SECUNDARIO DE MATERIA - TERMINO TEMATICO | |
| Término de materia o nombre geográfico como elemento de entrada | ESTRUCTURAS DE DATOS (COMPUTACION) |
| 9 (RLIN) | 6426 |
| 650 #2 - ASIENTO SECUNDARIO DE MATERIA - TERMINO TEMATICO | |
| Término de materia o nombre geográfico como elemento de entrada | Algoritmos |
| 9 (RLIN) | 2187 |
| 905 ## - TIPO DE MATERIAL | |
| Tipo de material | Libro |
| Estado de retiro | Estado de pérdida | Fuente del sistema de clasificación o colocación | Estado dañado | No para préstamo | Código de colección | Localización permanente | Ubicación/localización actual | Ubicación en estantería | Total de préstamos | Clasificación | Código de barras | Fecha visto por última vez | Número de copia | Tipo de ítem Koha | Fecha de adquisición | Precio válido a partir de | Nota pública |
|---|---|---|---|---|---|---|---|---|---|---|---|---|---|---|---|---|---|
| Library of Congress Classification | Colección General | Bib. Gregorio Torres Quintero | Bib. Gregorio Torres Quintero | Planta baja | 16 | QA76.9 D3 S5.7 | 246704 | 31/12/2020 | 1 | Libro | |||||||
| Library of Congress Classification | Materiales complementarios y otros recursos electrónicos | Bib. Gregorio Torres Quintero | Bib. Gregorio Torres Quintero | Mostrador de préstamo Planta baja | QA76.9 D3 S5.7 | 337938 | 26/02/2024 | Disco Compacto | 26/02/2024 | 26/02/2024 | Solicítalo en el mostrador de préstamo. |
